Особенности формирования подземного стока северной части Кузнецкого Алатау: автореферат диссертации на соискание ученой степени кандидата геолого-минералогических наук; спец. 25.00.07

Dades bibliogràfiques
Autor principal: Никитенков А. Н. Алексей Николаевич
Autor corporatiu: Национальный исследовательский Томский политехнический университет (ТПУ)
Altres autors: Дутова Е. М. Екатерина Матвеевна (научный руководитель)
Sumari:Заглавие с титульного экрана
Электронная версия печатной публикации
Idioma:rus
Publicat: Томск, 2010
Matèries:
Accés en línia:http://www.lib.tpu.ru/fulltext/a/2010/83.pdf
Format: MixedMaterials Electrònic Llibre
KOHA link:https://koha.lib.tpu.ru/cgi-bin/koha/opac-detail.pl?biblionumber=188221

MARC

LEADER 00000nlm0a2200000 4500
001 188221
005 20240205162711.0
035 |a (RuTPU)RU\TPU\book\204453 
090 |a 188221 
100 |a 20101206d2010 k y0rusy50 ca 
101 0 |a rus 
102 |a RU 
105 |a a dm 001zy 
135 |a drbn ---uucaa 
181 0 |a i  
182 0 |a b 
200 1 |a Особенности формирования подземного стока северной части Кузнецкого Алатау  |e автореферат диссертации на соискание ученой степени кандидата геолого-минералогических наук  |e спец. 25.00.07   |f А. Н. Никитенков  |g Национальный исследовательский Томский политехнический университет (ТПУ) ; науч. рук. Е. М. Дутова 
203 |a Текст  |c электронный 
210 |a Томск  |d 2010 
215 |a 1 файл (2.3 Mb) 
300 |a Заглавие с титульного экрана 
300 |a Электронная версия печатной публикации 
337 |a Adobe Reader 
452 1 |0 (RuTPU)RU\TPU\book\206527  |t Особенности формирования подземного стока северной части Кузнецкого Алатау  |o автореферат диссертации на соискание ученой степени кандидата геолого-минералогических наук  |o спец. 25.00.07  |f А. Н. Никитенков  |g Национальный исследовательский Томский политехнический университет (ТПУ) ; науч. рук. Е. М. Дутова  |c Томск  |d 2010  |p 22 с.  |a Никитенков, Алексей Николаевич 
606 |a Сток подземный  |2 stltpush  |3 (RuTPU)RU\TPU\subj\57090  |9 74956 
610 1 |a авторефераты диссертаций 
610 1 |a электронный ресурс 
610 1 |a формирование 
610 1 |a исследования 
610 1 |a прикладные аспекты 
610 1 |a факторы 
610 1 |a Кузнецкий Алатау 
610 1 |a труды учёных ТПУ 
675 |a 556.168(04)  |v 3 
686 |a 25.00.07  |2 oksvnk 
700 1 |a Никитенков  |b А. Н.  |c физик, гидрогеолог  |c доцент Томского политехнического университета, кандидат геолого-минералогических наук  |f 1983-  |g Алексей Николаевич  |3 (RuTPU)RU\TPU\pers\27729  |9 12803 
702 1 |a Дутова  |b Е. М.  |c гидрогеолог  |c профессор Томского политехнического университета, доктор геолого-минералогических наук  |f 1956-  |g Екатерина Матвеевна  |3 (RuTPU)RU\TPU\pers\26078  |4 727  |9 11916 
712 0 2 |a Национальный исследовательский Томский политехнический университет (ТПУ)  |c (2009- )  |3 (RuTPU)RU\TPU\col\15902 
801 2 |a RU  |b 63413507  |c 20170411  |g RCR 
856 4 |u http://www.lib.tpu.ru/fulltext/a/2010/83.pdf 
942 |c CF